<?xml version="1.0" encoding="UTF-8"?>
<marc:record xmlns:marc="http://www.loc.gov/MARC21/slim">
   <marc:leader>00000nam a2200000 a 4500</marc:leader>
   <marc:datafield ind1="1" ind2=" " tag="100">
      <marc:subfield code="a">Kolba, Peter</marc:subfield>
      <marc:subfield code="4">aut</marc:subfield>
      <marc:subfield code="e">Verfasser/-in</marc:subfield>
   </marc:datafield>
   <marc:datafield ind1="1" ind2=" " tag="100">
      <marc:subfield code="a">Resetarits, Peter</marc:subfield>
      <marc:subfield code="4">aut</marc:subfield>
      <marc:subfield code="e">Verfasser/-in</marc:subfield>
   </marc:datafield>
   <marc:datafield ind1="1" ind2=" " tag="100">
      <marc:subfield code="a">Weiser, Nikolaus</marc:subfield>
      <marc:subfield code="4">aut</marc:subfield>
      <marc:subfield code="e">Verfasser/-in</marc:subfield>
   </marc:datafield>
   <marc:datafield ind1="1" ind2=" " tag="100">
      <marc:subfield code="a">Hofer, Marita</marc:subfield>
      <marc:subfield code="4">ctb</marc:subfield>
      <marc:subfield code="e">Mitwirkende/-r</marc:subfield>
   </marc:datafield>
   <marc:datafield ind1="1" ind2=" " tag="100">
      <marc:subfield code="a">Hopf, Eva</marc:subfield>
      <marc:subfield code="4">ctb</marc:subfield>
      <marc:subfield code="e">Mitwirkende/-r</marc:subfield>
   </marc:datafield>
   <marc:datafield ind1="1" ind2=" " tag="100">
      <marc:subfield code="a">Kroisenbrunner, Elke</marc:subfield>
      <marc:subfield code="4">ctb</marc:subfield>
      <marc:subfield code="e">Mitwirkende/-r</marc:subfield>
   </marc:datafield>
   <marc:datafield ind1="1" ind2=" " tag="100">
      <marc:subfield code="a">Loibl, Christina</marc:subfield>
      <marc:subfield code="4">ctb</marc:subfield>
      <marc:subfield code="e">Mitwirkende/-r</marc:subfield>
   </marc:datafield>
   <marc:datafield ind1="1" ind2=" " tag="100">
      <marc:subfield code="a">Stork, Monika</marc:subfield>
      <marc:subfield code="4">ctb</marc:subfield>
      <marc:subfield code="e">Mitwirkende/-r</marc:subfield>
   </marc:datafield>
   <marc:datafield ind1="1" ind2=" " tag="100">
      <marc:subfield code="a">Bitriol, Michael</marc:subfield>
      <marc:subfield code="4">ctb</marc:subfield>
      <marc:subfield code="e">Mitwirkende/-r</marc:subfield>
   </marc:datafield>
   <marc:datafield ind1="1" ind2=" " tag="100">
      <marc:subfield code="a">Schuster, Thomas</marc:subfield>
      <marc:subfield code="4">ctb</marc:subfield>
      <marc:subfield code="e">Mitwirkende/-r</marc:subfield>
   </marc:datafield>
   <marc:datafield ind1=" " ind2=" " tag="653">
      <marc:subfield code="a">Recht</marc:subfield>
   </marc:datafield>
   <marc:datafield ind1=" " ind2=" " tag="653">
      <marc:subfield code="a">Ratgeber</marc:subfield>
   </marc:datafield>
   <marc:datafield ind1="0" ind2="0" tag="245">
      <marc:subfield code="a">Mein großer Rechts-Berater</marc:subfield>
   </marc:datafield>
   <marc:datafield ind1="0" ind2="0" tag="245">
      <marc:subfield code="b">Antworten auf alle juristischen Fragen im Alltag ; von "Anwaltssuche" bis "Zahlungsverzug"</marc:subfield>
   </marc:datafield>
   <marc:datafield ind1="0" ind2="0" tag="245">
      <marc:subfield code="c">Peter Kolba/Peter Resetarits/Nikolaus Weiser. Unter Mitarb. von Michael Bitriol ... ORF. [VKI ; ORF</marc:subfield>
   </marc:datafield>
   <marc:datafield ind1=" " ind2="1" tag="264">
      <marc:subfield code="a">Wien</marc:subfield>
      <marc:subfield code="b">Linde</marc:subfield>
      <marc:subfield code="c">2011</marc:subfield>
   </marc:datafield>
   <marc:datafield ind1="1" ind2=" " tag="490">
      <marc:subfield code="a">Linde populär</marc:subfield>
   </marc:datafield>
   <marc:datafield ind1=" " ind2=" " tag="250">
      <marc:subfield code="a">4., aktualisierte und. erw. Aufl.</marc:subfield>
   </marc:datafield>
   <marc:datafield ind1="1" ind2=" " tag="520">
      <marc:subfield code="a">Angaben aus der Verlagsmeldung

Mein großer Rechts-Berater : Antworten auf alle juristischen Fragen im Alltag. Von Anwaltssuche bis Zahlungsverzug. Mit Neuerungen unter anderem bei: Sachwalterrecht, Vorsorgevollmacht und Vertretungsbefugnis nächster Angehöriger, Erbschafts- und Schenkungssteuer, Mietrecht / von Marita Hofer, Eva Hopf, Elke Kroisenbrunner, Christina Loibl, Monika Stork, Michael Bitriol, Thomas Schuster

Das Standardwerk bereits in vierter Auflage

„Mein großer Rechts-Berater“ ist schon lange die erste Hilfe in vielen heimischen Rechtsfällen. Ohne juristisches Fachchinesisch geben die Autoren Schützenhilfe sowohl bei traditionellen Rechtsproblemen als auch bei Streitsachen des modernen Lebens wie Online-Shopping und medizinisch unterstützte Fortpflanzung. Die völlig aktualisierte vierte Auflage beleuchtet sämtliche Neuerungen – unter anderem in den Bereichen Einkaufen, Telekommunikation und Internet, Reisen, Sport und Freizeit, Wohnen und Energie, Arbeit, Ehe und Scheidung, medizinische Behandlung oder Mietrecht.

Neu in der 4. Auflage

- Familienrechtsänderungsgesetz 2009

- Eingetragene Partnerschaft

- Novelle im Obsorgerecht

- Neueste Rechtsprechung zu Mietverträgen

- Zahlungsdienstegesetz

- Verbraucherkreditgesetz

- Die Fallen des Internet

- Fremdwährungskredite

- Die Folgen der Finanzkrise
</marc:subfield>
   </marc:datafield>
   <marc:datafield ind1=" " ind2=" " tag="020">
      <marc:subfield code="a">9783709303504</marc:subfield>
      <marc:subfield code="9">9783709303504</marc:subfield>
   </marc:datafield>
   <marc:datafield ind1=" " ind2=" " tag="300">
      <marc:subfield code="a">976 S.</marc:subfield>
   </marc:datafield>
</marc:record>
